<?xml version="1.0" encoding="UTF-8"?>
<collection xmlns="http://www.loc.gov/MARC21/slim">
  <record>
    <leader>00000nam  2200000   4500</leader>
    <controlfield tag="001">INLIS000000000010813</controlfield>
    <controlfield tag="005">20210605030722</controlfield>
    <datafield tag="035" ind1="#" ind2="#">
      <subfield code="a">0010-0621000034</subfield>
    </datafield>
    <datafield tag="245" ind1="1" ind2="#">
      <subfield code="a">OPTIMALISASI DAN PENGEMBANGAN MATA KULIAH TEKNIK SUNGAI DAN PANTAI YANG MENUNJANG SISTEM PEMBELAJARAN DARING DAN KURIKULUM MERDEKA PADA PROGRAM STUDI TEKNIK SIPIL INSTITUT TEKNOLOGI KALIMANTAN /</subfield>
      <subfield code="c">Ardiansyah Fauzi, S.T., M.T.</subfield>
    </datafield>
    <datafield tag="100" ind1="1" ind2="#">
      <subfield code="a">FAUZI, Ardiansyah</subfield>
    </datafield>
    <datafield tag="250" ind1="#" ind2="#">
      <subfield code="a">1</subfield>
    </datafield>
    <datafield tag="300" ind1="#" ind2="#">
      <subfield code="a">ix, 52 halaman ; lampiran :</subfield>
      <subfield code="b">ilustrasi ;</subfield>
      <subfield code="c">30 cm</subfield>
    </datafield>
    <datafield tag="260" ind1="#" ind2="#">
      <subfield code="a">Samarinda :</subfield>
      <subfield code="b">Puslatbang KDOD,</subfield>
      <subfield code="c">2020</subfield>
    </datafield>
    <datafield tag="084" ind1="#" ind2="#">
      <subfield code="a">LATSAR 499 2020</subfield>
    </datafield>
    <datafield tag="650" ind1="#" ind2="#">
      <subfield code="a">Pelatihan Dasar</subfield>
    </datafield>
    <datafield tag="650" ind1="#" ind2="#">
      <subfield code="a">Laporan Aktualisasi</subfield>
    </datafield>
    <datafield tag="650" ind1="#" ind2="#">
      <subfield code="a">teknologi informasi</subfield>
    </datafield>
    <datafield tag="650" ind1="#" ind2="#">
      <subfield code="a">inovasi pembelajaran</subfield>
    </datafield>
    <datafield tag="650" ind1="#" ind2="#">
      <subfield code="a">inovasi pendidikan</subfield>
    </datafield>
    <datafield tag="650" ind1="#" ind2="#">
      <subfield code="a">kelas daring</subfield>
    </datafield>
    <datafield tag="650" ind1="#" ind2="#">
      <subfield code="a">perguruan tinggi</subfield>
    </datafield>
    <datafield tag="520" ind1="#" ind2="#">
      <subfield code="a">Laporan Aktualisasi Pelatihan Dasar ini didasarkan pada isu penempatan mahasiswa kerja praktek yang tidak dapat terdistribusi dengan baik karena keterbatasan proyek kontruksi, sehingga dibuat empat kegiatan berdasarkan nilai ANEKA (Akuntabilitas, Nasionalisme, Etika public, Komitmen Mutu dan Anti korupsi), yaitu: membuat soal-soal interaktif dan rubrik penilaian, pembuatan system pembelajaran hybrid live chat dan video, FGD untuk persiapan mata kuliah Teknik sungai dan pantai menjadi mata kuliah lintas program studi, serta Joint perkuliahan dengan perguruan tinggi mitra luar negeri dalam bentuk webinar pada salah satu pertemuan dengan mengangkat sebuah studi kasus.</subfield>
    </datafield>
    <datafield tag="500" ind1="#" ind2="#">
      <subfield code="a">Coach : Muhammad Harry Rahmadi, S.Pi., MM.&#13;
Penguji : Dr. EMY ROSANA SALEH, M.A.Tesol&#13;
Mentor : Prof. Ir. Budi Santosa, M.S., Ph.D</subfield>
    </datafield>
    <datafield tag="990" ind1="#" ind2="#">
      <subfield code="a">LATSAR/499/2020</subfield>
    </datafield>
  </record>
</collection>
